000 00432nam a2200181Ia 4500
003 GCL
008 140319s9999 xx 000 0 eng d
040 _aGCL /
_cGCL
082 0 4 _a843
_bF H
100 1 _aFREUSTIE, JEAN
245 1 0 _aL'HERITAGE DU VENT /
_cFREUSTIE, JEAN
260 _a[S.N] :
_bSTOCK ،
_c1983
300 _a274 P
650 0 4 _aLITERATURE
650 0 4 _aFICTION
650 0 4 _aFRENCH FICTION
942 _2ddc
_cBK
999 _c10738
_d10738